Open Data Biblioteca Nacional de Portugal


República Portuguesa: Ministério da Cultura
Biblioteca Nacional de Portugal

Catálogo da BNP: acesso por Identificadores Unívocos
Registos Bibliográficos associados ao registo de autoridade

Etiqueta de registo: 00834cam 2200241 450
001 1059106
003 http://id.bnportugal.gov.pt/bib/catbnp/1059106
005 20011115121400.0
021 ## $aPT$b145981/00
100 ## $a20010612d2000 m a0pory0103 ba
101 1# $apor
102 ## $aPT
105 ## $aa z 001yy
106 ## $ar
200 1# $aMadeira, um oásis no atlântico$e uma introdução aos estudos oceanográficos no Arquipélago da Madeira$fRui Miguel Andrade Caldeira, Sophia Lekou$gtrad. Carla Freitas
210 #9 $aFunchal$cDirecção Regional de Formação Profissional,$d2000
215 ## $aXI, 106 p.$cil.$d30 cm
675 ## $a551.456(469.8)$vBN$zpor$31009983
675 ## $a908(469.8)$vBN$zpor$3420918
700 #1 $aCaldeira,$bRui Miguel Andrade$31009177
701 #1 $aLekou,$bSophia$4070$31009178
702 #1 $91$aFreitas,$bCarla$4730$31009179
966 ## $lBN$mFGMON$sS.A. 97791 V.$x1
966 ## $lBN$mFGMON$sS.A. 97791 V.$x1

OpendataBNP@bnportugal.pt | Mais informação sobre acesso aos dados BNP